Anagramas - Celebridades - Estadísticas

Estadísticas generales
  • Esta prueba ha sido intentada 82 veces
  • La puntuación promedio es 2 de 10
Estadísticas de respuestas
Anagrama Profesión Respuesta % Correcto
Leila Wernimass Tenista Serena Williams
62%
Duane Melcot Pintor Claude Monet
31%
Coral Boltoscín Explorador Cristóbal Colón
31%
Teresa Crendes Filósofo René Descartes
22%
Ruby Barrady Escritor Ray Bradbury
14%
Peter Brassiny Cantante Britney Spears
12%
Karen Magelle Presidente Angela Merkel
11%
Wayne Lisdt Cineasta Walt Disney
5%
Lester Rempy Actor Meryl Streep
3%
Nadia Trenisse Futbolista Andrés Iniesta
2%
No se encontraron pruebas coincidentes
Distribución de puntuación
Porcentaje de gente con cada puntuación
Porcentaje por número respondido
Historial de tus puntuaciones
No has intentado esta prueba.